000 00208nam a22000857a 4500
008 160716b xxu||||| |||| 00| 0 eng d
100 _92937
_aKidz Om
245 _a365 Folk Tales
260 _aNew Delhi
_bOm Kidz
_c2012
999 _c2502
_d2502